| 000 | 00962cad a22001935a 4500 | ||
|---|---|---|---|
| 001 | E154185 | ||
| 008 | 111025s2011 xxk f 000 0 eng d | ||
| 020 | _a9781780454399 | ||
| 035 | _a(Sirsi) u154185 | ||
| 041 | 0 | _aeng | |
| 110 | 2 |
_aScotland _bScottish Government _95344 |
|
| 245 | 0 | 0 |
_aCompulsory purchase and compensation _ba guide for owners, tenants and occupiers in Scotland _h[electronic resource] |
| 260 |
_aEdinburgh _bScottish Government _c2011 |
||
| 520 | _aSets out the compulsory purchase system for homeowners and tenants. Explains when compulsory purchase can be used, and by whom, and discusses compensation which may be payable. Includes sources of advice. | ||
| 651 | 4 |
_aScotland _y1999- |
|
| 690 | _aENVIRONMENTAL AND LAND CONSULTANCY-PLANNING AND DEVELOPMENT-COMPULSORY PURCHASE AND COMPENSATION | ||
| 856 | 4 | 0 |
_uhttps://www.scotland.gov.uk/Publications/2011/10/24114350/0 _zView the guide free of charge at www.scotland.gov.uk |
| 942 | _n0 | ||
| 999 |
_c112880 _d112880 |
||